Kabale University Library Catalogue

Normal view MARC view
  • Palepu, Krishna G.,

Entry Personal Name

Number of records used in: 1

001 - CONTROL NUMBER

  • control field: 14668

003 - CONTROL NUMBER IDENTIFIER

  • control field: OSt

005 - DATE AND TIME OF LATEST TRANSACTION

  • control field: 20250826194406.0

008 - FIXED-LENGTH DATA ELEMENTS

  • fixed length control field: 250826|| aca||aabn | a|a d

040 ## - CATALOGING SOURCE

  • Original cataloging agency: OSt
  • Transcribing agency: OSt

100 ## - HEADING--PERSONAL NAME

  • Personal name: Palepu, Krishna G.,
  • Dates associated with a name: 1954-

670 ## - SOURCE DATA FOUND

  • Source citation: Work cat.: (OSt)5806: Palepu, Krishna G., 1954-, Business analysis and valuation :, c2010.

Kabale University Library | Kabale University P.O Box 317, Kabale, Uganda
Tel : +256754017033, +256774661503 E-mail : library@kab.ac.ug